Normal view
MARC view
Entry Personal Name
001 - CONTROL NUMBER
- control field: 45383
003 - CONTROL NUMBER IDENTIFIER
- control field: OSt
005 - DATE AND TIME OF LATEST TRANSACTION
- control field: 20240629120239.0
008 - FIXED-LENGTH DATA ELEMENTS
- fixed length control field: 240629|| aca||aabn | a|a d
040 ## - CATALOGING SOURCE
- Original cataloging agency: OSt
- Transcribing agency: OSt
100 ## - HEADING--PERSONAL NAME
- Personal name: Rashmi Kundapur,Amir Maroof Khan, Rakesh Kakkar, Ankit Sheth, Nidhi Mangrola
670 ## - SOURCE DATA FOUND
- Source citation: Work cat.: (OSt)61113: AM Kadri (Editor-in-Chief) 45382, IAPSM"S Text Book of Community Medicine, 2021
